000 00449nam a2200181Ia 4500
001 1834
005 20260306143757.0
008 260306t2002||||xx |||||||||||||| ||spa||
041 _aESP
082 _a155.6718
_bV77 V. 4
100 _aFernández-Ballesteros, Rocío (Dir.)
_eAUT
245 0 _aEnvejecer con los demás
260 _c2002
300 _a167 páginas :
_c23 x 15 cm.
650 _aGEN
654 _aCPS
942 _cLIB
_dJUS
_fJUS
_2ddc
_n
999 _c1834
_d1834